Gaming Quiz

Random Gaming or Minefield Quiz

Monopoly Board Minefield (US) Quiz Stats

 Plays Quiz Updated Jul 13, 2014

Support Sporcle.
Go Orange.
Score 0/40 Timer 04:00
1 Play Today
% Correct
???
100%
???
66.8%
???
42.5%
???
35.5%
???
34.6%
???
31.4%
???
26.9%
???
20.9%
???
20.4%
???
19.8%
???
17.8%
???
17.3%
???
16.2%
???
14.7%
???
14.2%
???
11.7%
???
11.2%
???
11%
???
10.9%
???
9.2%
% Correct
???
9.1%
???
9%
???
8.8%
???
8.1%
???
7.2%
???
7.2%
???
7.1%
???
6.9%
???
6.3%
???
5.3%
???
5.2%
???
5.2%
???
5.1%
???
4.4%
???
3.4%
???
3.1%
???
3.1%
???
2.8%
???
2.8%
???
2.8%

From the Vault

2019 Rugby World Cup Teams

by knightlancer

Sports 3m
Once you've seen one rugby pun, you've seen a maul.
Remove Ads.
Support Sporcle.
Get the best of Sporcle when you Go Orange. This ad-free experience offers more features, more stats, and more fun while also helping to support Sporcle. Thank you for becoming a member.

Show Comments

Extras

Top Quizzes Today


Score Distribution

Your Account Isn't Verified!

In order to create a playlist on Sporcle, you need to verify the email address you used during registration. Go to your Sporcle Settings to finish the process.

Report this User

Report this user for behavior that violates our Community Guidelines.

Details: